Central Library OPAC University of Rajshahi

A new survey of the social sciences / (Record no. 35256)

MARC details
000 -LEADER
fixed length control field 00631cam a2200217u 4500
001 - CONTROL NUMBER
control field 35256
003 - CONTROL NUMBER IDENTIFIER
rucl marc code BD-RjUL
005 - DATE AND TIME OF LATEST TRANSACTION
control field 20211209052304.0
008 - FIXED-LENGTH DATA ELEMENTS--GENERAL INFORMATION
fixed length control field 140522s1962 enka 000 0 eng
035 ## - SYSTEM CONTROL NUMBER
System control number (BD-RjUL)35350
040 ## - CATALOGING SOURCE
Original cataloging agency DLC
Transcribing agency CarP
Modifying agency DLC
Language of cataloging BD-RjUL
082 ## - DEWEY DECIMAL CLASSIFICATION NUMBER
Classification number 300
Author mark and year NEW 1962
100 1# - MAIN ENTRY--PERSONAL NAME
Personal name Varma, Baidya Nath,
Dates associated with a name 1921- [from old catalog]
9 (RLIN) 107424
245 12 - TITLE STATEMENT
Title A new survey of the social sciences /
260 ## - PUBLICATION, DISTRIBUTION, ETC. (IMPRINT)
Place of publication, distribution, etc. London :
Name of publisher, distributor, etc. Asia Pub. House ;
Date of publication, distribution, etc. c1962
300 ## - PHYSICAL DESCRIPTION
Pagination xiv, 248 p. :
Illustrations diagrs., tables. ;
Size 23 cm.
650 #0 - SUBJECT ADDED ENTRY--TOPICAL TERM
Topical term or geographic name as entry element Social sciences.
9 (RLIN) 107425
942 ## - ADDED ENTRY ELEMENTS (KOHA)
Source of classification or shelving scheme Dewey Decimal Classification
Koha item type Books
Holdings
Lost status Source of classification or shelving scheme Damaged status Not for loan Collection code Permanent Location Current Location Shelving location Date acquired Source of acquisition Cost, normal purchase price Total Checkouts Full call number Date last seen Copy number Koha item type
  Dewey Decimal Classification   Not For Loan Non-fiction Central Library, University of Rajshahi Central Library, University of Rajshahi Reading Room 24/03/1965 Zitlinger 0.00   300 NEW 1962 22/05/2014 C-1 Books
  Dewey Decimal Classification     Non-fiction Central Library, University of Rajshahi Central Library, University of Rajshahi   06/01/1966 Euro Park 18.75   300 NEW 1962 24/05/2014 C-2 Books